000
00313nam a22001217a 4500
008
140122b xxu||||| |||| 00| 0 eng d
050
_a
PR3537.H63A3
100
_a
Shepard, Ernest Howard
_9
6959
245
_a
Drawn from life
260
_a
London
_b
Methuen
_c
1961
300
_a
217p.
_c
21cm
942
_2
lcc
_c
MONOGRAPH
999
_c
119650
_d
119650